Dân luật thực hành
Sách gồm 2 thiên nói tổng quát về nghĩa vụ và khế ước, những khế ước thông dụng trong bộ luật dân sự Việt Nam Cộng hòa.
Đã lưu trong:
| Príomhúdar: | |
|---|---|
| Formáid: | Leabhar |
| Teanga: | Undetermined |
| Foilsithe: |
Sài Gòn
Tác giả xuất bản
1961
|
| Ábhair: | |
| Clibeanna: |
Cuir Clib Leis
Gan Chlibeanna, Bí ar an gcéad duine leis an taifead seo a chlibeáil!
|
| Thư viện lưu trữ: | Trung tâm Học liệu Trường Đại học Cần Thơ |
|---|
| LEADER | 00867nam a2200217Ia 4500 | ||
|---|---|---|---|
| 001 | CTU_5944 | ||
| 008 | 210402s9999 xx 000 0 und d | ||
| 082 | |a 346.597 | ||
| 082 | |b L451 | ||
| 100 | |a Đoàn, Bá Lộc | ||
| 245 | 0 | |a Dân luật thực hành | |
| 245 | 0 | |c Đoàn Bá Lộc | |
| 260 | |a Sài Gòn | ||
| 260 | |b Tác giả xuất bản | ||
| 260 | |c 1961 | ||
| 520 | |a Sách gồm 2 thiên nói tổng quát về nghĩa vụ và khế ước, những khế ước thông dụng trong bộ luật dân sự Việt Nam Cộng hòa. | ||
| 650 | |a Civil law,Luật dân sự | ||
| 650 | |z Vietnam,Việt Nam | ||
| 904 | |i Nguyễn Quang Điền, Hải | ||
| 910 | |a Sửa số pl 344.07 thành 346.597 (chưa in nhãn) | ||
| 980 | |a Trung tâm Học liệu Trường Đại học Cần Thơ | ||